Statistics for Pokemon - Single type or Dual type ? #2 - Click Quiz

Click here to take the quiz!

General Stats

  • This quiz has been taken 5 times
  • The average score is 31 of 50

Answer Stats

HintAnswer% Correct
Shuckle (213)Dual
100%
Inkay (686)Dual
100%
Excadrill (530)Dual
100%
Togekiss (468)Dual
100%
Crabominable (740)Dual
100%
Pelipper (279)Dual
100%
Walrein (365)Dual
100%
Volcanion (721)Dual
100%
Aurorus (699)Dual
100%
Yveltal (717)Dual
100%
Slurpuff (888)Single
100%
Chansey (891)Single
100%
Luxray (564)Single
100%
Rongourmand (819)Single
100%
Tirtouga (113)Dual
67%
Torgamord (834)Dual
67%
Scizor (212)Dual
67%
Ama-Ama (790)Dual
67%
Pomdrapi (223)Dual
67%
Bewear (760)Dual
67%
Snover (841)Dual
67%
Wagomine (838)Dual
67%
Taillow (276)Dual
67%
Rhinoféros (112)Dual
67%
Raichu (26)Single
67%
Rémoraid (901)Single
67%
Wooloo (831)Single
67%
Electrode (101)Single
67%
Sorbébé (582)Single
67%
Voltorb (100)Single
67%
Horsea (116)Single
67%
Wushours (317)Single
67%
Trubbish (568)Single
67%
Dispareptil (886)Dual
33%
Monthracite (839)Dual
33%
Paragruel (902)Dual
33%
Héliatronc (192)Single
33%
Goodra (706)Single
33%
Lycanroc (745)Single
33%
Pansage (511)Single
33%
Swalot (685)Single
33%
Larméléon (816)Single
33%
Munna (517)Single
33%
Tauros (128)Single
33%
Exploud (295)Single
33%
Lickitung (108)Single
33%
Politoed (186)Single
33%
Ursaring (805)Dual
0%
Mélokrik (402)Single
0%
Moumouton (405)Single
0%

Score Distribution

Percentile by Number Answered

Percent of People with Each Score

Your Score History

You have not taken this quiz